000 00783nam a2200253Ia 4500
003 OSt
005 20221005074735.0
006 a|||||r|||| 00| 0
007 ta
008 221004b |||||||| |||| 00| 0 eng d
020 _a9789350980125 (hbk)
_c1095
024 _a9662
037 _b85/2013-14, 05/02/2014, Pioneer Books Distributors
_cTextual
040 _aCRL
_cCRL
_beng
041 _2eng
_aeng
082 _aR6:g, Q2
100 _aBalcerowicz Piotr Ed.
_93560
245 0 _aWorld view and theory in Indian philosophy
260 _aNew Delhi
_bManohar India
_c2012
300 _a450p.
_ccm.
650 _aPHILOSOPHY
942 _hR6:g, Q2
_cTEXL
_2cc
999 _c983198
_d983198